00320 a2200145 4500003000500000005001700005040000900022082001100031100001800042245002800060250000800088260004200096300000800138650002800146Nust20170207153448.0 cNust a954.91 aK. U. Kureshy aA geography of pakistan a3rd aKarachibOxford universty pressc1972 a262 aA geography of pakistan